| 000 | 00601 a2200193 4500 | ||
|---|---|---|---|
| 010 | _aENG-88933 | ||
| 020 | _c275.00 | ||
| 035 | _aEN-72466 | ||
| 037 | _bDBAD / PUB | ||
| 082 | 1 | 4 | _a531 |
| 090 |
_c9673 _d9673 |
||
| 100 | 1 | _aGupta, D.C. | |
| 245 | 1 |
_aMechanics / _cby D C Gupta |
|
| 260 |
_aNew Delhi _bDisha Publications _c2008 |
||
| 270 |
_aB-32, Basemant, Shivalik Main Road, Malviya Nagar, _cNew Delhi _e110 017 |
||
| 300 |
_av.1(616p).; _c25 cm (pbk) |
||
| 942 |
_adpl _cEN _k531 / GUP |
||
| 999 |
_c9497 _d9497 |
||